|
|
|
|
| LEADER |
00000ny a22000003n 4500 |
| 005 |
2011062305575.0 |
| 008 |
100928s2010 sp | |||| 000 0 spa d |
| 015 |
|
|
|a MON1004
|
| 017 |
|
|
|a D.L M 52020-2009
|
| 020 |
|
|
|a 9788498497939
|
| 035 |
|
|
|a 5033
|
| 040 |
|
|
|a SpMaBN
|d vLex
|
| 090 |
|
|
|c 1082
|d 1082
|
| 245 |
0 |
0 |
|a Estudios jurd̕icos sobre responsabilidad penal, civil y administrativa del mďico y otros agentes sanitarios
|h [Recurso electrn̤ico]
|c Lorenzo Morillas Cueva (director) ; Jos ̌Mara̕ Sur̀ez Lp̤ez (coordinador) ; autores, Bent̕ez Ortz︢ar... [et al.]
|
| 256 |
|
|
|a Servicio en ln̕ea
|
| 260 |
|
|
|a Madrid :
|b Dykinson,
|c 2009
|
| 300 |
|
|
|a 651 p.
|c 24 cm
|
| 506 |
1 |
|
|a Contenido solo disponible en los productos indicados
|d vLex Global
|d vLex Global (Academic Edition, excluding Law Schools)
|d vLex Global (U.S. Academic Edition, Law Schools)
|d vLex Global (U.S. Academic Edition, excluding Law Schools)
|d vLex Global (Academic Edition, Law Schools)
|
| 650 |
0 |
7 |
|a Responsabilidad penal
|2 Tesauro vLex
|
| 650 |
0 |
7 |
|a Responsabilidad de mďicos
|2 Tesauro vLex
|
| 650 |
0 |
7 |
|a Responsabilidad del personal sanitario
|2 Tesauro vLex
|
| 650 |
0 |
7 |
|a Responsabilidad civil
|2 Tesauro vLex
|
| 700 |
1 |
|
|a Bent̕ez Ortz︢ar, Ignacio Francisco
|
| 700 |
1 |
|
|a Morillas Cueva, Lorenzo
|
| 700 |
1 |
|
|a Sur̀ez Lp̤ez, Jos ̌Mara̕
|
| 740 |
0 |
|
|a vLex Libros (Servicios en ln̕ea)
|
| 856 |
4 |
0 |
|u http://vlex.com/source/5033
|z Acceso restringido
|
| 942 |
|
|
|c BOOK
|